02250nab a22003017a 4500999001500000003000400015005001700019008004100036040000700077100003500084245010800119260007300227300001300300500004400313505106100357505009001418650002401508650003901532650001401571650003601585650003501621650003101656650004901687650002501736650002701761773014701788942001301935 c5405d5405OSt20250311134444.0190604e xxu||||| |||| 00| 0 spa d cPJ 96431aRomano, Francisco Javier10aLey Bases :banálisis crítico de las reformas a la Ley de Hidrocarburos /cFrancisco Javier Romano. aCiudad Autónoma de Buenos Aires :bThomson Reuters La Ley, c2024. ap. 37-74 aCita Online: TR LALEY AR/DOC/1831/2024. aI. Introducción.— II. Reformas a la Ley de Hidrocarburos en la Ley de Bases: nuevos objetivos de política nacional.— III. Libertad de precios y exportaciones. Persistencia de derechos de exportación.— IV. Exportaciones de LNG. Reforma de la ley del gas y caso particular de la exportación estratégica a largo plazo en el régimen de incentivos a las grandes inversiones.— IV. RIGI. Proyectos de inversión.— V. Modos de adquisición de nuevas concesiones de explotación en el derecho argentino. Regla general: pliegos, plazos y prórrogas; procedimiento y criterio de adjudicación.— VI. Modos de adquisición de nuevas concesiones en el derecho argentino. Casos excepcionales: reconversión por subdivisión de áreas, unificación de áreas adyacentes y coexistencia de operaciones convencionales y no convencionales.— VII. Plazos.— VIII. Status de las concesiones existentes. Prórrogas.— IX. Autorizaciones de transporte y habilitaciones de procesamiento y de almacenamiento subterráneo.— X. Conclusiones.  t¿Te interesa el texto completo? Solicitalo al correo: koha@justierradelfuego.gov.ar  093979aHIDROCARBUROS 096432aEXPLOTACION DE HIDROCARBUROS 094682aGAS 096433aREGALÍAS PETROLÍFERAS 091497aCODIGO CIVIL Y COMERCIAL 094429aEMPLEO NO REGISTRADO 094925aORGANIZACION INTERNACIONAL DEL TRABAJO 091576aDISCRIMINACION 09234aDERECHO COMPARADO0 0271493171dCiudad Autónoma de Buenos Aires : Thomson Reuters La Ley, 2014-tRevista anales de legislación argentina. Nº 8 - Agosto 2024. 2udccANA